LEA - Zu dir Songtext/Liedtext - Statistiken

Allgemein
  • Dieses Quiz wurde 6 mal gespielt
  • Das Durchschnittsergebnis liegt bei 281 aus 326
Antwortstatistiken
Antwort % Korrekt
Auf
100%
Bin
100%
bin
100%
Bis
100%
Da
100%
Dann
100%
dann
100%
das
100%
Das
100%
Den
100%
der
100%
die
100%
Die
100%
dir
100%
Dir
100%
ich
100%
Ich
100%
in
100%
In
100%
ist
100%
Ist
100%
mehr
100%
Mehr
100%
Muss
100%
muss
100%
Nach
100%
ohne
100%
Sein
100%
So
100%
so
100%
und
100%
Und
100%
Wenn
100%
wenn
100%
wie
100%
Wie
100%
Will
100%
Würd
100%
würd
100%
Zu
100%
zu
100%
alles
75%
Alles
75%
Auch
75%
Bebt
75%
Bei
75%
bei
75%
besten
75%
Besten
75%
Cent
75%
darf
75%
Darf
75%
Durch
75%
Einen
75%
einfach
75%
Einfach
75%
Energie
75%
Erde
75%
es
75%
Es
75%
Fakes
75%
Feiern
75%
Gehn
75%
geht
75%
Grinsen
75%
Hab
75%
Kann
75%
keiner
75%
Keiner
75%
Kommen
75%
Leben
75%
Maske
75%
Meiner
75%
mich
75%
mir
75%
Mir
75%
Nem
75%
Nicht
75%
nie
75%
Nix
75%
noch
75%
Pennen
75%
Platz
75%
Sag
75%
sag
75%
Schluss
75%
Spür
75%
Suche
75%
um
75%
vergeige
75%
Vergeige
75%
vorbei
75%
Vorbei
75%
Weil
75%
wirklich
75%
Zeiten
75%
Ziel
75%
zum
75%
Am
50%
fast
50%
Fehler
50%
Fühl
50%
Grad
50%
Ichs
50%
Leg
50%
Lösung
50%
Oder
50%
schäme
50%
Sehn
50%
sehr
50%
Sterben
50%
Teilen
50%
Tränen
50%
Trauern
50%
Wahl
50%
Wegen
50%
Wohin
50%
Für
25%
Glücklich
25%
letzte
25%
Platzen
25%
schlägt
25%
Stunde
25%
Träume
25%
Keine übereinstimmenden Quizze gefunden
Verteilung der Resultate
Anzahl Personen mit jedem Resultat
Perzentil nach korrekt beantworteten Fragen
Ihre Resultats-Entwicklung
Sie haben dieses Quiz noch nicht gespielt